| 000 | 00423nam a2200181Ia 4500 | ||
|---|---|---|---|
| 005 | 20240823061726.0 | ||
| 008 | 240823s9999||||xx |||||||||||||| ||und|| | ||
| 041 | _aENGLISH | ||
| 082 | _A425 Q2 | ||
| 100 | _aRaymond Murphy | ||
| 245 | 0 | _aEssential English Grammar | |
| 250 | _a2nd | ||
| 260 |
_c2012 _bCambridge University |
||
| 500 | _aYES | ||
| 650 |
_aEnglish Grammar _bEnglish |
||
| 942 | _cBK | ||
| 999 |
_c234205 _d234205 |
||